000 00751nam a2200229 a 4500
999 _c1396
_d1396
001 1396
003 BD-JhCC
005 20171019090354.0
008 171018s1993 bg ||||| |||| 00| 0 ben d
020 _a9844100208
035 _a(BD-JhCC) 1396
040 _aBD-JhCC
_dBD-JhCC
041 _aben
082 _a891.4409
_bKAY 1993
245 _aকায়েস আহমেদ সমগ্র /
_cআখতারুজ্জামান ইলিয়াস (ভূমিকা)
260 _aঢাকা :
_bমাওলা ব্রাদার্স,
_c1993.
300 _a286 p. :
_c21 cm
650 _aCollection of Essays
700 _aইলিয়াস, আখতারুজ্জামান
942 _2ddc
_cBK